states + capital of the FS of micronesia - Statistics

General Stats
  • This quiz has been taken 40 times
  • The average score is 5 of 8
Answer Stats
Answer % Correct
capital^ weno
75%
state yap
75%
state chuuk
69%
state pohnpei
69%
state kosrae
56%
capital^ colonia
50%
capital^ kolonia
50%
capital^ tofol
31%
No matching quizzes found
Score Distribution
Percent of People with Each Score
Percentile by Number Answered
Your Score History
You have not taken this quiz